Most Common Words In English Starting With T - Statistics

General Stats
  • This quiz has been taken 6,613 times
    6,609 since last reset
  • The average score is 74 of 171
Answer Stats
Word % Correct
to
99%
the
97%
too
93%
tea
90%
ten
88%
that
88%
thin
87%
there
84%
this
84%
top
84%
take
83%
them
82%
then
81%
two
81%
they
80%
than
79%
though
79%
tap
78%
think
78%
three
77%
time
77%
tell
76%
their
76%
tall
75%
try
73%
those
72%
table
71%
test
71%
these
70%
tear
69%
tip
69%
train
69%
through
65%
trip
65%
tree
64%
team
63%
thought
63%
track
63%
teach
62%
talk
61%
treat
61%
taste
60%
tent
59%
thing
59%
trick
59%
trust
59%
thank
58%
true
58%
type
57%
tend
56%
trade
55%
teacher
54%
tire
54%
tape
53%
throw
53%
toe
53%
turn
53%
today
51%
tone
50%
tough
50%
twenty
50%
tank
49%
tool
49%
teen
48%
tomorrow
48%
tour
48%
thirty
47%
tax
46%
tie
46%
truth
46%
twin
46%
task
45%
thick
45%
trail
45%
tower
44%
third
43%
trace
43%
truck
43%
touch
42%
town
42%
toy
42%
tired
41%
twelve
41%
tooth
40%
travel
40%
temperature
39%
trend
39%
telephone
38%
television
38%
total
38%
term
37%
theme
37%
thus
37%
technology
35%
thanks
35%
therefore
35%
toss
35%
twice
35%
thousand
34%
trial
34%
teenager
33%
threat
33%
tiny
33%
together
33%
terror
32%
throughout
32%
tight
32%
traffic
32%
training
32%
thinking
31%
tonight
31%
title
30%
tongue
30%
toward
30%
tradition
30%
target
29%
teaching
29%
terrible
29%
testing
29%
trouble
29%
technical
28%
text
28%
themselves
28%
troop
28%
typical
27%
totally
26%
tourist
26%
tube
26%
tension
25%
tragedy
25%
temporary
24%
treatment
24%
tribe
24%
tennis
23%
theory
23%
theater
22%
transportation
22%
towards
21%
TV
21%
tactic
20%
terrorist
20%
topic
20%
tendency
19%
territory
19%
transfer
19%
threaten
18%
testimony
17%
ticket
17%
transition
17%
typically
17%
terrorism
16%
tomato
16%
translate
16%
truly
16%
tunnel
16%
therapy
15%
throat
15%
technique
14%
telescope
14%
tournament
14%
treaty
14%
tissue
13%
tremendous
13%
transform
12%
testify
11%
tablespoon
10%
taxpayer
10%
teaspoon
10%
transformation
8%
terms
7%
tobacco
4%
No matching quizzes found
Score Distribution
Percent of People with Each Score
Percentile by Number Answered
Your Score History
You have not taken this quiz since the last reset